000 00687nam a2200229 u 4500
005 20220527184923.0
008 150911s2009 r 000 0 eng d
020 _a9786072101838 (Larousse)
035 _aUPN01000205785
049 _aI
050 4 _aQL336
_bA3.7
245 0 0 _aAfrica mortal :
_bencuentros extremos con animales /
_ced. Tomás García,
260 _aMéxico :
_bLarousse,
_cc2009.
300 _a47 p. :
_bil. col.
440 0 _aAnimal planet
534 _pTitúlo oroginal:
_tKiller Africa
651 0 _aÁfrica
_vLiteratura juvenil
_912488
650 4 _aANIMALES PELIGROSOS
_911801
700 1 _aGarcía, Tomás,
_eed.
905 _aInfantil
999 _c177886
_d177886